000 00550nam a2200205 a 4500
001 3385
005 20140414132037.0
008 040601s19uu xx 00 eng d
020 _a0-7097-0647-2
050 _aTR
_bT256 1988
100 _aSpurgeon, Maureen
245 _aTeddy goes to school /
_ctext by Maureen Spurgeon.
260 _aEngland :
_bBrown Watson,
_c1988.
300 _a1 v. (unp.) : ill. ; cm.
500 _aTR/PS
650 _aSchools--Fiction.
650 _aBears--Fiction.
650 _aChildren stories.
999 _c113738
_d113738